All Romance (Latin) Languages - Statistics

General Stats
  • This quiz has been taken 149 times
  • The average score is 22 of 40
Answer Stats
Language Langauge Family Native Speakers How to say, "Hello" Origin % Correct
Spanish Western Romance 486,000,000 Hola Central and Northern Spain
100%
French Western Romance 77,000,000 Bonjour Northern France
99%
Portuguese Western Romance 234,000,000 Olá Western Iberian Peninsula
99%
Italian Italo-Dalmatian 64,000,000 Ciao Italy
98%
Catalan Western Romance 4,100,000 Hola Eastern Spain and Andorra
92%
Romanian Eastern Romance 24,000,000 Bună Romania and Moldova
92%
Sicilian Italo-Dalmatian 4,700,000 Ciau Sicily
90%
Sardinian Southern Romance 1,000,000 Salude Sardinia
83%
Galician Western Romance 2,400,000 Ola Northwestern Spain
81%
Corsican Italo-Dalmatian 150,000 Bonghjornu Corsica
78%
Venetian Italo-Dalmatian 2,200,000 Ciao Northeastern Italy
75%
Haitian Creole Romance Creole 11,500,000 Bonjou Haiti
73%
Occitan Western Romance 150,000 Bonjorn Southern France
71%
Neapolitan Italo-Dalmatian 5,700,000 Ciao Southern Italy
68%
Norman Gallo-Romance 80,000 Boujou Normandy
67%
Walloon Gallo-Romance 350,000 Bondjoû Belgium
65%
Lombard Italo-Dalmatian 3,500,000 Ciao Northern Italy
62%
Aragonese Western Romance 10,000 Ola Northern Spain
58%
Ligurian Italo-Dalmatian 1,200,000 Ciao Northwestern Italy
57%
Asturian Western Romance 100,000 Hola Northern Spain
53%
Piedmontese Italo-Dalmatian 2,000,000 Ciau Northwestern Italy
53%
Mauritian Creole Romance Creole 1,300,000 Bonzur Mauritius
52%
Aromanian Eastern Romance 250,000 Bunã Balkans
49%
Franco-Provençal (Arpitan) Western Romance 60,000 Bonjou Eastern France and Switzerland
46%
Mirandese Western Romance 15,000 Oulá Northeastern Portugal
46%
Gallo Gallo-Romance 200,000 Bonjorn Brittany France
44%
Seychellois Creole Romance Creole 95,000 Bonzour Seychelles
44%
Leonese Western Romance 25,000 Hola Northwestern Spain
41%
Cape Verdean Creole Romance Creole 1,000,000 Oi Cape Verde
39%
Louisiana Creole Romance Creole 10,000 Bonjou Louisiana
38%
Picard Gallo-Romance 100,000 Bonjorn Northern France
35%
Istro-Romanian Eastern Romance 500 Bună Croatia
25%
Papiamento Romance Creole 300,000 Bon dia Caribbean
22%
Megleno-Romanian Eastern Romance 5,000 Bunã Greece and North Macedonia
20%
Sassarese Southern Romance 100,000 Ciao Northern Sardinia
20%
Chavacano Romance Creole 700,000 Buenas Philippines
19%
Gallurese Southern Romance 100,000 Ciao Northeastern Sardinia
15%
Emilian-Romagnol Italo-Dalmatian 700,000 Ciao Northern Italy
13%
Romanesco Italo-Dalmatian 1,000,000 Ciao Rome
13%
Poitevin-Saintongeais Gallo-Romance 150,000 Bonjorn Western France
1%
No matching quizzes found
Score Distribution
Percent of People with Each Score
Percentile by Number Answered
Your Score History
You have not taken this quiz